000 00725nam a2200241 i 4500
001 55994
003 ES-MaACL
005 20230906163249.0
007 t|
008 031001s1985 sp |||| | spa d
020 _a84-245-0414-3
100 1 _aDíaz Migoyo, Gonzalo.
_944354
245 1 0 _aGuía de Tirano Banderas /
_cGonzalo Díaz Migoyo.
260 _aMadrid :
_bFundamentos,
_c[1985]
300 _a300 p. ;
_c21 cm.
490 1 _aEspiral.
_aEnsayo ;
_v84
500 _aÍndice.
504 _aBibliografía: p. 291-300.
600 1 4 _aValle-Inclán, Ramón del,
_d1866-1936.
_tTirano Banderas
_9112808
830 0 _aEspiral.
_aEnsayo ;
_v84
_9182567
852 _aES-MaACL
_jL-8984
999 _c55994
_d55994